Statistiques concernant Les Meilleurs buteurs de le Championnat de France 2014-2015

Cliquez ici pour prendre le quiz!

Statistiques générales

  • Ce quiz a été pris 31 fois
  • Le résultat moyen est 7 sur 10

Statistiques - réponses

ButsNationalitéClubJoueur% Correct
27FranceOlympique lyonnais Alexandre Lacazette
100%
18UruguayParis Saint Germain Edinson Cavani
97%
21FranceOlympique de Marseille André-Pierre Gignac
93%
19SuèdeParis Saint-Germain Zlatan Ibrahimović
93%
14FranceToulouse FC Wissam Ben Yedder
77%
17FranceEA Guingamp Claudio Beauvue
60%
13FranceOlympique lyonnais Nabil Fekir
60%
17Côte d'IvoireAS Saint-Etienne Max-Alain Gradel
50%
12GhanaFC Lorient Jordan Ayew
43%
15UruguayGirondins de Bordeaux Diego Rolán
27%

Distribution des résultats

Percentile par nombre de réponses

% des personnes avec chaque résultat

Votre développement - résultats

Vous n’avez pas pris ce quiz